000 00419nam a2200157Ia 4500
008 160316s1994 xxu||||| |||| 00| 0 eng d
082 _a346.092000
_bPUL
100 _aPuliani Ravi
245 _aSecurities and exchange board of India act, 1992 and securities contract act, 1956
250 _a
260 _aNew Delhi
_bBharat Law House
_c1994
300 _a83p
_b
_c
365 _bRs.50/-
650 _a
700 _a
_a
999 _c7674
_d7674